000 00820nam a22001937a 4500
005 20250808112212.0
010 _aHIN-130198 HIN-126059
020 _a9789392176159
_c425.00
035 _aHN-98405
035 _aHN-102544
037 _bDBAD/PUB
082 _a320
100 _a आलमबायन, निपुण
_983964
245 _aभारतीय राजव्यवस्था:
_bसंविधान एवं शासन /
_c निपुण आलमबायन
260 _aनईदिल्ली
_bनेशनल पेपरबैक्स
_c2022
270 _a4230/1, अंसारी रोड ,दरियागंज,
_bदिल्ली
_e110002
300 _a465पृ.
_c24 सेमी (अजिल्द)
942 _cHN
_2ddc
_h320
_mआलम
999 _c198385
_d198385